000
00242 a2200121 4500
020
_a
978'1930332690
041
_a
spa
100
_a
Osborne, Mary Pope
245
_a
Medianoche en la luna
942
_c
BK
999
_c
11100
_d
11100
999
_d
11100
999
_d
11100